000 01006nam a22003497a 4500
001 0001319
003 KOHA_MİRAKIL
005 20260207001237.0
007 ta
008 090302b2005 tu |||gr||||#||||0|tur |
020 _a9752954774
_c26,69
040 _aTR-BiSEU
_btur
_cTR-BiSEU
_erda
041 0 _atur
044 _ctu
050 _aTA357
_b.Y35 2005
100 1 _aYalçın, Kirkor.
245 1 _aAkışkanlar mekaniği I :
_bakışkanların dengesi ve sıvılarda rölatif denge/
_cKirkor Yalçın ; Kirkor Yalçın.
264 1 _aİstanbul :
_bBeta
_c2005
300 _a c.
336 _ametin
_btxt
_2rdacontent
337 _aaracısız
_bn
_2rdamedia
338 _acilt
_bnc
_2rdacarrier
490 1 _aYayın ;
_vno.
490 1 _a1592.
490 1 _aTeknik dizisi ;
_v111.
650 0 _aAkışkanlar mekaniği.
_91497
650 0 _aFluid mechanics.
_91498
830 1 _aYayın ;
_vno.
_91557
830 1 _a1592.
_94373
830 1 _aTeknik dizisi ;
_v111.
_91559
942 _2lcc
_cBK
999 _c1309
_d1309